000 00546nam a2200205Ia 4500
001 18971
003 GE_BSU
008 181216s||||||||xx |||||||||||||| ||und||
040 _cGE_BSU
245 _aГенетика.Том 52,№8. 2016
245 _cГл. ред. С.В.Шестаков,идр.
260 _aМосква
260 _bНаука
260 _c2016
300 _a996стр.29см.
653 _aГенетика.Том 52,№8. 2016
653 _aПериодика
653 _aპერიოდიკა
942 _cCR
999 _c51970
_d51970